Сборник научных трудов молодых ученых (Запись № 3071297)

Подробности
000 -МАРКЕР
контрольное поле 03312nas1a22003491i 4500
001 - ИДЕНТИФИКАТОР ЗАПИСИ
контрольное поле RU\NLR\Per\533880
005 - ИДЕНТИФИКАТОР ВЕРСИИ
контрольное поле 20260407165437.0
035 ## - ДРУГИЕ СИСТЕМНЫЕ НОМЕРА
Идентификатор записи (NLR Aleph) 003157647
100 ## - ДАННЫЕ ОБЩЕЙ ОБРАБОТКИ
Данные общей обработки 20080407b200 2008|||y0rusy50 ca
101 0# - ЯЗЫК РЕСУРСА
Язык текста, звукозаписи и т.д. русский
102 ## - СТРАНА ПУБЛИКАЦИИ ИЛИ ПРОИЗВОДСТВА
Страна публикации Российская Федерация
110 ## - ПОЛЕ КОДИРОВАННЫХ ДАННЫХ: ПРОДОЛЖАЮЩИЕСЯ РЕСУРСЫ
Кодированные данные продолжающегося ресурса zu|||||||||
200 1# - ЗАГЛАВИЕ И СВЕДЕНИЯ ОБ ОТВЕТСТВЕННОСТИ
Основное заглавие Сборник научных трудов молодых ученых
Первые сведения об ответственности федерал. гос. образоват. учреждение высш. проф. образования "Тюм. гос. акад. культуры и искусств"
210 ## - ПУБЛИКАЦИЯ, РАСПРОСТРАНЕНИЕ И ДР.
Место издания, распространения и т.д. Тюмень
Имя издателя, распространителя и т. д. Редакционно-издательский центр Тюменской государственной академии культуры и искусств
Дата издания, распространения и т.д. 2007 - 2008
300 ## - ОБЩИЕ ПРИМЕЧАНИЯ
Текст примечания Загл. обл.: Сборник научных работ аспирантов и молодых преподавателей
300 ## - ОБЩИЕ ПРИМЕЧАНИЯ
Текст примечания В надзаг. также: Федерал. агентство по культуре и кинематографии, Деп. образования и науки Тюм. обл.
311 ## - ПРИМЕЧАНИЯ, ОТНОСЯЩИЕСЯ К ПОЛЯМ СВЯЗИ (ПРИМЕЧАНИЯ О СВЯЗИ С ДРУГИМИ ПРОИЗВЕДЕНИЯМИ (ИЗДАНИЯМИ))
Текст примечания Продолжается как: Сборник научных трудов молодых ученых / Тюм. гос. акад. культуры, искусств и социал. технологий
440 #0 - ПРОДОЛЖАЕТСЯ ПОД ...
Встроенное поле 2001#$aСборник научных трудов молодых ученых$fТюм. гос. акад. культуры, искусств и социал. технологий
-- 71002$3RU\NLR\AUTH\8810155241$aТюменская государственная академия культуры, искусств и социальных технологий$4070
Заглавие Сборник научных трудов молодых ученых
Автор Тюменская государственная академия культуры, искусств и социальных технологий
512 1# - ЗАГЛАВИЕ ОБЛОЖКИ
Заглавие обложки Сборник научных работ аспирантов и молодых преподавателей
601 02 - НАИМЕНОВАНИЕ ОРГАНИЗАЦИИ КАК ПРЕДМЕТ
Начальный элемент ввода Тюменская государственная академия культуры и искусств
Формальный подзаголовок Периодические издания
Системный номер авторитетной/нормативной записи 2512470
Идентификатор авторитетной/нормативной записи RU\NLR\AUTH\661489316
686 1# - ИНДЕКСЫ ДРУГИХ КЛАССИФИКАЦИЙ
Индекс Я431(2)39
710 02 - НАИМЕНОВАНИЕ ОРГАНИЗАЦИИ - ПЕРВИЧНАЯ ОТВЕТСТВЕННОСТЬ
Начальный элемент ввода Тюменская государственная академия культуры и искусств
Идентификатор авторитетной/нормативной записи RU\NLR\AUTH\8810105006
Системный номер авторитетной/нормативной записи 710241
801 #0 - ИСТОЧНИК ЗАПИСИ
Страна Российская Федерация
Организация NLR
Правила каталогизации PSBO
801 #1 - ИСТОЧНИК ЗАПИСИ
Страна Российская Федерация
Организация NLR
Дата составления 20080407
Источник данных rusmarc
801 #2 - ИСТОЧНИК ЗАПИСИ
Страна Российская Федерация
Организация NLR
Дата составления 20080514
Источник данных rusmarc
852 ## - МЕСТОНАХОЖДЕНИЕ И ШИФР ХРАНЕНИЯ
Идентификатор организации NLR
Шифр хранения (Call Number) П1/755
942 ## - ДОПОЛНИТЕЛЬНЫЕ ЭЛЕМЕНТЫ ЗАПИСИ (АБИС)
Тип экземпляра АБИС Сборник
980 ## - КОЛЛЕКЦИЯ
Название коллекции Русская периодика

Нет доступных экземпляров.